01642nam a2200241 a 450000100100000000500170001000800410002702000180006804000250008608200150011110000360012624500910016226000530025330000320030650000650033850000770040350504520048071000910093295201280102395201130115195201190126499900170138300004545120201002052245.0150326s2015 dr ac 000 0 spa d a9789945897708 aDO-SdBNPbspacBNPHU axxxxbxxxx1 aRamírez, Carlos Manuel97350810aCebollín con Trujillo :by otros cuentos escritos aquí /cCarlos Manuel Ramírez. aSanto Domingo :bGrupo Luciano,bFUNDEGA,c2015. a102 :bil., retrs ;c21 cm. aLa biblioteca posee 3 ejemplares autografiados por el autor. aIncluye datos biográficos del autor en la solapa de la contracubierta.0 aPrólogo --tCebollín con Trujillo --tLa emboscada --tPreso por ver al Presidente --tEl batey --tGalión --tParaiso --tEl brujo --tEl general --tEl dictador --tBlanco aunque sea un hueso --tEl día que la radio se quedó muda --tLos lapices también disparán --tHeroes olvidados --tEmigrantes en guerra --tEl fallo histórico --tEse es de los malos --tChapeo --tEl presidente que no sabía leer --tMi primera carcel --22aLa Fundación para el Desarrollo de Galván (FUNDEGA), República Dominicana973509 001054708DSaGRbGRcCTd2015-03-26iLF1l0oxxxx xxxxp45451-30r2020-06-25te. 3w2020-06-25yLFDSZPréstamo en sala 0010718PDaPDbPDcCTd2015-03-26iLF1l0oxxxx xxxxp45451-10r2020-06-25w2020-06-25yLFPDZNo se presta 0010718PDaPDbPDcCTd2015-03-26iLF1l0oxxxx xxxxp45451-20r2020-06-25te. 2w2020-06-25yLFPDZNo se presta c44940d44940